El laberinto de la rosa : (Registro nro. 11299)

Detalles MARC
000 -LIDER
fixed length control field 01058cam a2200349 4500
001 - NÚMERO DE CONTROL
Identificador de número de control 5490
003 - IDENTIFICACDOR DE NÚMERO DE CONTROL
control field DO-SdBNP
005 - DATE AND TIME OF LATEST TRANSACTION
control field 20231215095008.0
007 - CAMPOS FIJOS DE DESCRIPCIÓN FÍSICA
fixed length control field 5490
008 - ELEMENTOS DE LONGITUD FIJA
fixed length control field 090624s2009 sp|| 000 f spa
015 ## - NÚMERO DENTRO DE LA BIBLIOGRAFÍA NACIONAL
National bibliography number
017 ## - NÚMERO DE REGISTRO DE DERECHOS DE AUTOR
Copyright or legal deposit number
Assigning agency
020 ## - ISBN
International Standard Book Number 9788466323086
035 ## - NÚMERO LOCAL
System control number
040 ## - FUENTE DE CATALOGACIÓN
Agencia que crea de manera original el registro BPMSU
Idioma de catalogación spa
Agencia que realiza la transcripción BPMSU
Convenciones de la despripción
080 ## - NÚMERO DE CLASIFICACIÓN DECIMAL UNIVERSAL
Universal Decimal Classification number
082 #4 - NÚMERO DE CLASIFICACIÓN DECIMAL DE DEWEY
Classification number 823.91
Item number H262L 2009
Edition number 22
100 1# - ASIENTO PRINCIPAL -- NOMBRE PERSONAL
Nombre personal Hardie, Titania
245 13 - MENCIÓN DE TITULO
Título El laberinto de la rosa :
Subtítulo un enigma por descifrar, un legado por desenterrar, un corazón por curar /
Mención de responsabilidad Titania Hardie ; traducción, Luisa Borovsky
Medio (Designación general de material)
250 ## - MENCIÓN DE EDICION
Mención de edición 2a. ed.
260 ## - PUBLICACIÓN, DISTRIBUCIÓN, ETC. (PIE DE IMPRENTA)
Lugar de publicación, distribución, etc Madrid :
Nombre del editor, distribuidor, etc. Santillana Ediciones Generales,
Fecha de publicación, distribución, etc 2009
300 ## - DESCRIPCIÓN FÍSICA
Extensión 572 p. ;
Dimensiones 21 cm
490 0# - MENCIÓN DE SERIES
Mención de serie Punto de lectura
500 ## - NOTA GENERAL
Materiales especificados Incluye datos biográficos del autora
534 ## - NOTA SOBRE LA VERSIÓN ORIGINAL
Asiento principal del original Tìtulo original :
Mención del título original The rose labyrinth
590 ## - NOTA LOCAL
Texto de la nota local Inventariado, 2023/VM
650 #4 - ENCABEZAMIENTO DE MATERIA--TEMÁTICO
Término temático o nombre geográfico como elemento de entrada Novela australiana
650 #4 - ENCABEZAMIENTO DE MATERIA--TEMÁTICO
Término temático o nombre geográfico como elemento de entrada Novela policíaca
700 #1 - ASIENTO SECUNDARIO -- NOMBRE PERSONAL
Nombre personal Borovsky, Luisa,
Mención de responsabilidad tr.
910 ## - VALIDACIÓN
Validación VMateo V. Control de calidad. BPMSU
942 ## - ADDED ENTRY ELEMENTS (KOHA)
Source of classification or shelving scheme Dewey Decimal Classification
Koha item type Libros
Existencias
Withdrawn status Lost status Source of classification or shelving scheme Damaged status Not for loan Collection code Home library Current library Date acquired Source of acquisition Total Checkouts Full call number Barcode Date last seen Price effective from Koha item type Copy number
    Dewey Decimal Classification     Colección General Biblioteca Pública Metropolitana Salomé Ureña Biblioteca Pública Metropolitana Salomé Ureña 09/05/2016 ALFAGUARA   BPMSU CG 823.91 H262l 2009 BPMSU16090097 09/05/2016 09/05/2016 Libros  
    Dewey Decimal Classification     Colección General Biblioteca Pública Metropolitana Salomé Ureña Biblioteca Pública Metropolitana Salomé Ureña 09/05/2016 ALFAGUARA   BPMSU CG 823.91 H262l 2009 BPMSU16090098 09/05/2016 09/05/2016 Libros e.2
    Dewey Decimal Classification     Colección General Biblioteca Pública Metropolitana Salomé Ureña Biblioteca Pública Metropolitana Salomé Ureña 09/05/2016 ALFAGUARA   BPMSU CG 823.91 H262l 2009 BPMSU16090099 09/05/2016 09/05/2016 Libros e.3